Cosmos (Registro nro. 16831)

Detalles MARC
000 -CABECERA
Campo de control 00227as aa2200097a 44500
090 ## - CLASIFICACIÓN LOCAL
Colección SERIADAS
Consecutivo 00803
041 0# - IDIOMA
Código de idioma para texto/pista de sonido o título separado
245 10 - MENCION DE TITULO
Título Cosmos
260 ## - PUBLICACION, DISTRIBUCION, ETC. (PIE DE IMPRENTA)
Nombre del editor, distribuidor, etc. Corporación Autónoma Regional de Chivor
Lugar de publicación, distribución, etc. Colombia
942 ## - ELEMENTOS ADICIONALES (KOHA)
Tipo de ítem Periodica o revista
Existencias
Withdrawn status Lost status Damaged status No para préstamo Colección Fecha publicación (Año) Volumen revista Número revista Ubicación Permanente Ubicación actual Fecha de adquisición Fuente de Valor Total Checkouts Número topográfico Inventario / Código de Barras Date last seen Ejemplar Price effective from Forma de adquisición Tipo de material
        Hemeroteca 1999 3 10 Villa de Leyva Villa de Leyva 14/03/2001 CORPOCHIVOR   SERIADAS 00803 006718 25/03/2015 1 25/03/2015   Periodica o revista
        Hemeroteca 1998 2 6 Villa de Leyva Villa de Leyva 14/03/2001 CORPOCHIVOR   SERIADAS 00803 006714 25/03/2015 1 25/03/2015   Periodica o revista
        Hemeroteca 1999 2 8 Villa de Leyva Villa de Leyva 14/03/2001 CORPOCHIVOR   SERIADAS 00803 006715 25/03/2015 1 25/03/2015   Periodica o revista
        Hemeroteca 1999 3 7 Villa de Leyva Villa de Leyva 14/03/2001 CORPOCHIVOR   SERIADAS 00803 006716 25/03/2015 1 25/03/2015   Periodica o revista
        Hemeroteca 1999 3 9 Villa de Leyva Villa de Leyva 14/03/2001 CORPOCHIVOR   SERIADAS 00803 006717 25/03/2015 1 25/03/2015   Periodica o revista